000 00280nam a22001337a 4500
008 170717b xxu||||| |||| 00| 0 eng d
020 _a9781564782915
041 _aeng
080 _a2
100 _a24
101 _aTEO
245 _aINVENTING GOD
_cMOSLEY, N
942 _2udc
_cBK
999 _c21404
_d21404